| 000 | 00475nam a2200157 a 4500 | ||
|---|---|---|---|
| 001 | 000027756 | ||
| 005 | 20200930031054.0 | ||
| 008 | 110125s1984 dr ad 000 0 spa d | ||
| 040 |
_aDO-SdBNP _bspa _cBNPHU |
||
| 082 |
_axxxx _bxxx |
||
| 110 | 2 |
_aInstituto Nacional de Formación Técnico Profesional _935749 |
|
| 245 | 1 | 0 |
_aINFOTEP : _bbalance de actividades 1983 /. |
| 260 |
_aSanto Domingo : _bINFOTEC, _c1984. |
||
| 300 |
_a95 p.. : _bil., gráf. ; _c23 cm. |
||
| 049 | _aBNPD | ||
| 999 |
_c27248 _d27248 |
||